[Event "Pan American-ch U14 Girls"]
[Site "Guayaquil"]
[Date "2019.07.24"]
[Round "5"]
[White "Negron Martinez, Daianne L"]
[Black "Sandoval Rivera, Alejandra"]
[Result "1/2-1/2"]
[WhiteElo "1176"]
[BlackElo "1290"]
[PlyCount "52"]
[EventDate "2019.07.21"]
[EventType "swiss"]
[EventRounds "9"]
[EventCountry "ECU"]
[SourceTitle "EXT 2020"]
[Source "ChessBase"]
[SourceDate "2019.10.17"]
[SourceVersion "1"]
[SourceVersionDate "2019.10.17"]
[SourceQuality "1"]

1. d4 d5 2. c4 c6 3. Nf3 Nf6 4. Qb3 e6 5. Nc3 Bd6 6. Bg5 h6 7. Bh4 Nbd7 8. e3 g5 9. Bg3 Bc7 10. Bxc7 Qxc7 11. h3 Ne4 12. Bd3 f5 13. Rc1 Qa5 14. Qa3 Qxa3 15. bxa3 Ndf6 16. Ne5 Nd7 17. cxd5 exd5 18. Nxd7 Bxd7 19. Bxe4 fxe4 20. Ke2 Rf8 21. Rcf1 h5 22. f3 exf3+ 23. Rxf3 Rxf3 24. Kxf3 g4+ 25. hxg4 Bxg4+ 26. Kf4 Kd7 1/2-1/2

[Event "Pan American-ch U12 Girls"]
[Site "Santiago de Chile"]
[Date "2018.07.22"]
[Round "1"]
[White "Negron Martinez, Daianne L"]
[Black "Rueda Nessi, Juana"]
[Result "0-1"]
[WhiteElo "1121"]
[BlackElo "1570"]
[PlyCount "50"]
[EventDate "2018.07.22"]
[EventType "swiss"]
[EventRounds "9"]
[EventCountry "CHI"]
[SourceTitle "EXT 2022"]
[Source "ChessBase"]
[SourceDate "2021.10.06"]
[SourceVersion "1"]
[SourceVersionDate "2021.10.06"]
[SourceQuality "1"]

1. d4 d5 2. c4 e6 3. Nc3 f5 4. Nf3 Nf6 5. Bg5 c6 6. cxd5 exd5 7. e3 Bd6 8. Be2 Nbd7 9. 0-0 0-0 10. Bd3 h6 11. Bf4 Bxf4 12. exf4 Ne4 13. Re1 Ndf6 14. Ne5 Nxc3 15. bxc3 Ne4 16. Bxe4 fxe4 17. Ng6 Rf6 18. Qh5 Qe8 19. f5 Rxf5 20. Qh4 Qxg6 21. Qd8+ Rf8 22. Qa5 Bh3 23. g3 Qf6 24. Re2 Qf3 25. c4 Qg2# 0-1